| 000 | 00354nam a2200145Ia 4500 | ||
|---|---|---|---|
| 005 | 20250313141357.0 | ||
| 008 | 240331s9999 xx 000 0 und d | ||
| 082 |
_bGOW _a894 |
||
| 100 | _aGowthaman, R | ||
| 245 | 0 | _aEmpathukalil Tamil kalachcharam | |
| 260 |
_aBangalore _bKaavya _c1992 |
||
| 300 | _a124 p ., | ||
| 500 | _aResearch Articles | ||
| 942 | _cL | ||
| 999 |
_c3869 _d3869 |
||